| 000 | 00865nam a2200253 a 4500 | ||
|---|---|---|---|
| 001 | 55593 | ||
| 003 | BD-RjUL | ||
| 005 | 20211209080303.0 | ||
| 008 | 161120s1952 enk bb 000 0 eng d | ||
| 035 | _a(BD-RjUL) 55716 | ||
| 040 |
_aVGM _cVGM _dBD-RjUL _beng |
||
| 041 | _aeng | ||
| 082 |
_223 _a828.809 _bARN 1952 |
||
| 100 | 1 |
_aArnold, Matthew, _d1822-1888. _9165602 |
|
| 245 | 1 | 4 |
_aThe note-books of Matthew Arnold / _cMatthew Arnold edited by Howard Foster Lowry, Karl Young, Waldo Hilary Dunn. |
| 260 |
_aLondon : _bOxford University Press, _c1952. |
||
| 300 |
_axv, 656 p. ; _c22 cm. |
||
| 504 | _aIncludes Bibliographical References and Index | ||
| 650 | 0 |
_aQuotations. _9159320 |
|
| 700 | 1 |
_aLowry, Howard Foster, _d1901-1967. _9165603 |
|
| 700 | 1 |
_aDunn, Waldo Hilary, _d1882-1969. _9165604 |
|
| 700 | 1 |
_aYoung, Karl _d1879-1943. _9165605 |
|
| 942 |
_2ddc _cBK |
||
| 999 |
_c55593 _d55593 |
||